Taylor Swift 79 - Statistics

General Stats
  • This quiz has been taken 26 times
  • The average score is 252 of 314
Answer Stats
Answer % Correct
a
100%
and
100%
for
100%
I
100%
in
100%
know
100%
love
100%
that
100%
the
100%
then
100%
this
100%
was
100%
what
100%
where
100%
all
91%
be
91%
but
91%
by
91%
do
91%
don't
91%
head
91%
if
91%
I'm
91%
it
91%
it's
91%
me
91%
my
91%
now
91%
of
91%
out
91%
over
91%
they
91%
too
91%
up
91%
us
91%
were
91%
you
91%
your
91%
could
82%
got
82%
I've
82%
just
82%
like
82%
should
82%
so
82%
tell
82%
would
82%
you're
82%
best
73%
eyes
73%
good
73%
much
73%
older
73%
wiser
73%
with
73%
always
64%
celebrated
64%
closed
64%
colors
64%
door
64%
everything
64%
fancy
64%
kid
64%
lay
64%
leave
64%
low
64%
man
64%
or
64%
other
64%
portrait
64%
shit
64%
sit
64%
somehow
64%
story
64%
table
64%
time
64%
tolerate
64%
wait
64%
watch
64%
while
64%
wrong
64%
assume
55%
barbed
55%
begging
55%
believe
55%
blankets
55%
breathing
55%
building
55%
byline
55%
dagger
55%
drawing
55%
fine
55%
footnotes
55%
fun
55%
gain
55%
gleam
55%
glisten
55%
hearts
55%
life
55%
lose
55%
made
55%
mural
55%
polish
55%
reading
55%
removed
55%
ruins
55%
sky
55%
space
55%
take
55%
taking
55%
temple
55%
throw
55%
took
55%
until
55%
use
55%
weight
55%
where's
55%
wire
55%
worlds
55%
battle
45%
greet
45%
hero's
45%
indiscretions
45%
listen
45%
notice
45%
plates
45%
wake
45%
welcome
45%
who'd
45%
break
36%
free
36%
No matching quizzes found
Score Distribution
Percent of People with Each Score
Percentile by Number Answered
Your Score History
You have not taken this quiz